00884nam a22001817a 4500999001500000003000400015008004100019020001800060100005700078245002300135260004000158300000800198650002100206942001200227952015500239952015400394952015400548 c9212d9212OSt201119b ||||| |||| 00| 0 eng d a9780198814740 aAtkins, Peter and Paula, Julio de and Keeler, James  aPhysical Chemistry aNew Delhib Oxford University Press a858 aB.Sc Non Medical 2ddccBK 00102ddc40708BSCNMaPIETNCRbPIETNCRd2020-11-19eKirti PrakashanfIn Rupeesg870.00kIN438l0pN531r2020-11-19 00:00:00v591.90w2020-09-07yREF 00102ddc40708BSCNMaPIETNCRbPIETNCRd2020-11-19eKirti PrakashanfIn Rupeesg870.00kIN438l0pN532r2020-11-19 00:00:00v591.90w2020-09-07yBK 00102ddc40708BSCNMaPIETNCRbPIETNCRd2020-11-19eKirti PrakashanfIn Rupeesg870.00kIN438l0pN533r2020-11-19 00:00:00v591.90w2020-09-07yBK